Curriculum for primary, middle schools, middle madrasssas, middle englsih and high madrassas, sanskrit middle schools and high englsih schools for boys and girls in (Record no. 1332693)

MARC details
000 -LEADER
fixed length control field 00638nam a2200181Ia 4500
005 - DATE AND TIME OF LATEST TRANSACTION
control field 20250508151900.0
008 - FIXED-LENGTH DATA ELEMENTS--GENERAL INFORMATION
fixed length control field 008 250505s9999 xx 000 0 eng d
037 ## - SOURCE OF ACQUISITION
Stock number Books to be hide in OPAC
040 ## - CATALOGING SOURCE
Original cataloging agency FEDL
Language of cataloging eng
Transcribing agency FEDL
041 ## - LANGUAGE CODE
Language code of text/sound track or separate title eng
Source of code eng
084 ## - COLON CLASSIFICATION NUMBER
Classification number 375.095 416, ASS/O
Assigning agency FEDL
245 #0 - TITLE STATEMENT
Title Curriculum for primary, middle schools, middle madrasssas, middle englsih and high madrassas, sanskrit middle schools and high englsih schools for boys and girls in
245 #0 - TITLE STATEMENT
Statement of responsibility, etc. Education Department, Assam
260 ## - PUBLICATION, DISTRIBUTION, ETC.
Date of publication, distribution, etc. 1952
300 ## - PHYSICAL DESCRIPTION
Extent 25p.
942 ## - ADDED ENTRY ELEMENTS (KOHA)
Koha item type Books to be hide in OPAC
Classification part 375.095 416, ASS/O
Holdings
Withdrawn status Lost status Damaged status Not for loan Home library Current library Date acquired Total Checkouts Full call number Barcode Date last seen Price effective from Koha item type
        Department of Education Library Department of Education Library 2025-05-08   375.095 416, ASS/O EL0013936 2025-05-08 2025-05-08 Books to be hide in OPAC
Copyright @ Delhi University Library System